Sports Quiz

Random Sports or MLB Quiz
Score 0/20 Timer 04:00
4 Plays Today
% Correct
Green Bay Packers (1967)
89.8%
Green Bay Packers (1968)
89.8%
Minneapolis Lakers (1949)
84.7%
Minneapolis Lakers (1950)
84.7%
Boston Red Sox (1903)
77.5%
New York Jets (1969)
73.4%
Chicago Cubs (1907)
70%
Chicago Cubs (1908)
70%
Montreal Canadiens(1930)
70%
Montreal Canadiens(1931)
69.5%
% Correct
Kansas City Chiefs (1970)
67.3%
Boston Bruins (1929)
64.6%
New York Rangers (1928)
61.8%
Baltimore Colts (1971)
58.6%
New York Giants (1905)
55.8%
Chicago White Sox (1906)
52.5%
Philadelphia Warriors (1947)
42.1%
Ottawa Senators (1927)
36.7%
Rochester Royals (1951)
29.7%
Baltimore Bullets (1948)
24.5%
Remove Ads.
Support Sporcle.
Get the best of Sporcle when you Go Orange. This ad-free experience offers more features, more stats, and more fun while also helping to support Sporcle. Thank you for becoming a member.

You're not logged in!

Compare scores with friends on all Sporcle quizzes.
OR
Log In

Show Comments

Extras

Top Quizzes Today


Score Distribution

Your Account Isn't Verified!

In order to create a playlist on Sporcle, you need to verify the email address you used during registration. Go to your Sporcle Settings to finish the process.

Report this User

Report this user for behavior that violates our Community Guidelines.

Details: